Türkiye'deki En Yaygın Erkek İsimleri - Statistics

General Stats
  • This quiz has been taken 163 times
  • The average score is 48 of 100
Answer Stats
Popularity # of people Answer % Correct
4 1.973.179 A Ahmet
98%
1 3.509.883 M Mehmet
98%
3 2.125.976 M Mustafa
97%
2 3.509.883 A Ali
96%
44 232.685 M Mehmet Ali
96%
9 965.519 Ö Ömer
92%
11 862.902 İ İsmail
87%
12 737.083 O Osman
87%
10 885.264 M Muhammed
85%
20 423.933 M Muhammet
84%
5 1.294.034 H Hüseyin
83%
8 1.025.466 Y Yusuf
83%
18 469.020 C Can
82%
6 1.257.114 H Hasan
82%
87 137.509 H Halil İbrahim
81%
7 1.147.752 İ İbrahim
81%
15 537.406 E Emre
79%
90 135.445 Y Yunus Emre
79%
13 725.855 M Murat
76%
22 385.245 F Fatih
73%
32 314.103 M Mert
69%
33 313.641 F Furkan
68%
14 664.308 H Halil
67%
26 349.556 E Emir
66%
58 188.240 A Arda
65%
27 346.509 K Kemal
65%
31 317.363 Y Yunus
65%
64 173.888 D Deniz
64%
25 349.971 M Mahmut
64%
34 295.059 B Burak
63%
19 446.017 S Süleyman
62%
35 289.521 H Hakan
60%
21 417.508 E Efe
59%
36 285.595 E Eren
59%
54 205.776 K Kerem
57%
45 230.579 U Umut
57%
42 243.190 F Faruk
56%
17 474.717 A Abdullah
55%
41 249.753 Y Yasin
54%
59 187.453 K Kaan
53%
16 533.312 R Ramazan
53%
30 318.801 R Recep
53%
85 139.164 K Kenan
51%
49 217.314 O Orhan
51%
69 158.698 B Barış
50%
57 198.310 S Selim
50%
51 212.859 U Uğur
50%
28 326.661 E Enes
48%
60 185.761 Y Yakup
46%
93 132.965 E Ege
45%
82 142.624 İ İsa
45%
63 175.633 C Cemal
44%
55 200.968 O Onur
43%
23 367.841 S Salih
43%
56 198.531 G Gökhan
42%
39 257.588 Y Yiğit
42%
95 132.064 Ü Ümit
41%
52 211.052 S Serkan
38%
50 216.355 M Musa
36%
72 154.631 S Samet
36%
65 173.437 Y Yılmaz
36%
29 324.621 K Kadir
35%
97 131.285 C Celal
34%
68 160.291 S Sinan
34%
38 266.211 A Adem
33%
86 137.757 Ş Şaban
33%
53 209.836 B Bekir
32%
47 226.999 H Hamza
32%
74 151.824 H Harun
32%
61 178.048 B Bilal
30%
75 148.883 E Erkan
29%
43 237.052 M Metin
29%
77 147.596 T Talha
29%
80 143.725 Z Zeki
28%
81 143.079 A Ayhan
27%
79 144.256 F Ferhat
27%
24 367.621 E Emin
26%
83 141.946 E Emirhan
25%
89 135.515 İ İsmet
25%
100 130.105 Ç Çınar
24%
91 133.230 S Serdar
24%
78 144.961 M Mesut
20%
48 225.861 B Bayram
19%
62 176.941 A Arif
18%
46 227.598 B Berat
18%
40 253.540 E Eymen
18%
66 165.649 Ş Şükrü
18%
94 132.291 C Cengiz
17%
99 130.840 E Emrah
17%
92 133.114 E Ercan
17%
70 157.601 M Miraç
17%
96 131.854 B Bülent
15%
67 161.065 N Nuri
15%
84 139.394 A Abdurrahman
14%
98 130.858 D Dursun
14%
71 156.379 İ İhsan
14%
37 267.932 Y Yaşar
14%
73 151.863 A Asaf
12%
88 137.218 E Erol
8%
76 148.330 H Hacı
5%
No matching quizzes found
Score Distribution
Percent of People with Each Score
Percentile by Number Answered
Your Score History
You have not taken this quiz